Nolaelo baeuneun yeong-eo. Korean fun songs to learn English.

노래로 배우는 한국어 Korean fun songs to learn English.
Bibliografische gegevens
Formaat: Video DVD
Taal:English
Korean
Gepubliceerd in: Sŏul-si : Bukhausŭ, 2012.
Onderwerpen:
LEADER 01061cgm a2200289 a 4500
001 00025826
003 BD-DhAAL
005 20251007102052.0
007 vd cvaizk
008 120829p2012 ko pp s vleng d
024 1 |a 9788976998743 
040 |a BD-DhAAL  |c BD-DhAAL 
041 |a kor  |b eng 
082 0 0 |a 780.9519  |2 22 
245 1 0 |6 880-01  |a Nolaelo baeuneun yeong-eo.  |h [videorecording] =  |b Korean fun songs to learn English. 
246 2 |a Easy learning Korean 
260 |a Sŏul-si :  |b Bukhausŭ,  |c 2012. 
300 |a 1 audio disc (DVD) (70 min) :  |b sd., col. ;  |c 4 3/4 in. 
541 1 |e 00025826 
546 |a In Korean 
650 0 |a Songs, Korean  |9 4912 
650 0 |a Compact disc  |9 4913 
852 4 |a Ayesha Abed Library  |j General shelf. 
880 |6 245-01 /  |a 노래로 배우는 한국어  |h [videorecording] =  |b Korean fun songs to learn English. 
942 |2 ddc  |c AV 
999 |c 12785  |d 12785 
952 |0 0  |1 0  |2 ddc  |4 0  |6 780_951900000000000_NOL  |7 0  |9 21053  |a BRACUL  |b BRACUL  |c AV  |d 2012-08-28  |e BIL  |g 361.96  |l 0  |o 780.9519 NOL  |p 4010025826  |r 2012-09-04  |t 1  |w 2012-08-28  |y AV